Muhalefete mahkümiyet (Record no. 8065)

MARC details
000 -BAŞLIK
Sabit Uzunlukta Kontrol Alanı 00721na a2200253 4500
001 - KONTROL NUMARASI
Denetim Alanı 17022
003 - KONTROL NUMARASI IDENTIFIER
Denetim Alanı MIRAKIL
005 - SON İŞLEM TARİHİ VE ZAMANI
Denetim Alanı 20181213155158.0
008 - SABİT-BOY VERİ ELEMANLARI - GENEL BİLGİLER
Sabit Uzunlukta Kontrol Alanı 161021b tu 000 0
035 ## - SİSTEM KONTROL NUMARASI
Sistem Kontrol Numarası 17022
040 ## - KATALOGLAMA KAYNAK
Orijinal Kataloglama Ajansı Milas
Kataloglama Dili tur
Metne Dönüştürmek Ajansı TR-AnCHP
041 ## - DİL KODU
Metin / Ses Parça Veya Ayrı Başlığın Dil Kodu tur
082 ## - DEWEY ONLU SINIFLANDIRMA NUMARASI
Sınıflandırma Numarası 320.9561
Ürün Numarası D85m 1991
090 ## - SINIFLAMA NUMARASI
Sınıflama Numarası 320.9561 D85m 1991
100 ## - ANA GİRİŞ - KİŞİSEL İSİM
Kişisel Ad Duman, İlker Hasan
245 ## - BAŞLIK TABLOSU
Başlık Muhalefete mahkümiyet
Sorumluluk Tablosu, Vb İlker Hasan Duman
246 ## - UNVAN FORM VARYING
Başlık Doğru / Kısa Başlığı Muhalefete mahkumiyet
260 ## - YAYIN, DAĞITIM, VB
Yayın, Dağıtım, Vb Yeri İstanbul
Yayıncı, Dağıtıcı, Vs Adı Yeni Adalet Yayınları
Yayın, Dağıtım, Vb Tarihi 1991
300 ## - FİZİKSEL TANIM
Kapsam 99 s.
Boyutlar 18 sm.
490 ## - SERİSİ TABLOSU
Seri Beyanı Yeni Adalet Yayınları
Hacim / Ardışık Tanımı 3
650 ## - KONU KATMA GİRİŞ - TOPİKAL DÖNEM
Topikal Süreli Veya Coğrafi Ad Giriş Elemanı Siyaset ve yönetim
Genel Alt Bölümü Siyasal durum
Coğrafi Alt Bölümü Türkiye
651 ## - KONU KATMA GİRİŞ - COĞRAFİ ADI
Coğrafi İsim Türkiye
Genel Alt Bölümü Siyasal durum
Kronolojik Alt Bölümü Tarih
942 ## - EKLENDİ GİRİŞ ELEMANLARI (KOHA)
Sınıflandırma Veya Raf Düzeni Kaynak Dewey Decimal Classification
Koha Öğesi Türü Books
999 ## - SİSTEM KONTROL NUMARALARI (KOHA)
Koha Biblionumber 8065
Koha Biblioitemnumber 8065
Holdings
Kalıcı Konum Mevcut Konum Edinme Tarihi Edinim Kaynak Toplam Check-Out'Lar Tam Çağrı Numarası Barkod Tarih Son Görülme İtibaren Geçerli Fiyatlar Koha Öğesi Türü
CHP Kütüphanesi CHP Kütüphanesi 10/21/2016 Bağış   320.9561 D85m 1991 005839 10/21/2016 10/21/2016 Books